000
00310nam a2200109Ia 4500
008
171211s9999 xx 000 0 und d
245
_a
Hammer Films' Psychological Thrillers, 1950-1972
245
_c
David Huckvale
260
_c
2014
650
_x
CINEMA
856
_u
http://down.ebook777.com/065/0786474718.pdf
999
_c
349380
_d
349380